LEADER 01209nam a2200277 i 4500 001 000000175973 003 CaOOAMICUS 005 20081124000000.0 008 081124s1983 it u000 u ita u 013 $a153458 040 $aSeMil$bita 100 1 $aAlfaro, Juan,$c.$0(OLS)http://semarc/name/89589 240 10$aMarìa la bienaventurada porque ha creìdo.$0(OLS)http://semarc/title/252481 245 10$aMaria :$bcolei che è beata perchè ha creduto /$cJuan Alfaro ; [trad. di Pinetta Ferraris]. 260 $aCasale Monferrato :$bPiemme,$c1983. 300 $a69 p. ;$c21 cm. 490 0 $aMeditazioni e temi ;$v2 500 $aDono di Don Romano Martinelli. 600 04$aMadonna.$0(OLS)http://semarc/subject/10153 700 1 $aFerraris, Pinetta.$0(OLS)http://semarc/name/6516 830 0$aMeditazioni e temi ;$v2.$0(OLS)http://semarc/title/12161 850 $aSeMil 852 $aSeMil$W1$xVenegono$y1$m2L II 104$j126795$B126795$CSeMilBibl$Z2$F137782 $81 961 $aOmaggio: Martinelli don Romano 996 $6245$aMaria :$bcolei che è beata perchè ha creduto$9(OLS)http://semarc/title/252480 996 $6260$aCasale Monferrato :$bPiemme$9(OLS)http://semarc/publisher/29798 LEADER 00959nam a2200241 i 4500 001 000000205521 003 CaOOAMICUS 005 20110824000000.0 008 110824n it u000 u ita u 013 $a184258 040 $aSeMil$bita 245 13$aLa Belgique et les belges /$ctraduit et adapté de l'anglais par Christian de L'Isle. 260 $aParis :$bLethielleux,$c[19-?] 300 $a103 p. ;$c19 cm. 490 0 $aLes nations de la guerre ;$v2 500 $aContiene : Bibliographie. 650 4$aBelgio.$0(OLS)http://semarc/subject/7175 700 1 $aL'Isle, Christian : de.$0(OLS)http://semarc/name/73968 830 4$aLes nations de la guerre ;$v2.$0(OLS)http://semarc/title/34159 850 $aSeMil 852 $aSeMil$W1$xVenegono$y1$m3U II 28$j156015$B156015$CSeMilBibl$Z2$F167365 $81 996 $6245$aLa Belgique et les belges$9(OLS)http://semarc/title/297466 996 $6260$aParis :$bLethielleux$9(OLS)http://semarc/publisher/30156